000 00345pab a2200145 454500
008 180718b2001 xxu||||| |||| 00| 0 eng d
100 _aJain, Prakash C.
245 _aPolitical economy of the demise of apartheid
260 _c2001
300 _ap.118-35
362 _aJan-Feb
650 _aApartheid
773 _aEncounter
909 _a50107
999 _c50107
_d50107